[Event "Children of Asia"]
[Site "?"]
[Date "2016.07.12"]
[Round "7"]
[White "Sezdbekov, Arzybek"]
[Black "Kaluarachchi, Achinthya Shamen"]
[Result "1/2-1/2"]
[WhiteElo "1890"]
[BlackElo "1876"]
[PlyCount "131"]
[SourceDate "2016.07.12"]

1. e4 e6 2. Nc3 d5 3. d4 Nf6 4. Bg5 Be7 5. exd5 Nxd5 6. Bxe7 Qxe7 7. Bc4 Nxc3
8. bxc3 O-O 9. Nf3 c5 10. O-O Nc6 11. Qe2 a6 12. a4 Bd7 13. Rfd1 cxd4 14. cxd4
Na5 15. Bd3 Bc6 16. Ne5 Qg5 17. f3 Qf4 18. c3 Rac8 19. g3 Qf6 20. h4 Rfd8 21.
Kf2 Be8 22. Ra3 Qe7 23. Qb2 h5 24. Qb4 Qxb4 25. cxb4 Nc6 26. Nxc6 Rxc6 27. Ke3
Kf8 28. g4 hxg4 29. fxg4 Rcd6 30. Be4 e5 31. Bxb7 exd4+ 32. Ke4 Re6+ 33. Kf4
Rb6 34. Be4 Rxb4 35. g5 Bxa4 36. Rd2 Bb5 37. h5 Rd6 38. Rh3 Bd7 39. h6 gxh6 40.
Rxh6 Ke7 41. Bd3 Rbb6 42. Rdh2 Bb5 43. Bc2 Bc4 44. Rxd6 Rxd6 45. Ke5 d3 46. Bd1
Rd5+ 47. Kf4 a5 48. Rh7 Rd6 49. Ke3 Bb5 50. Bb3 Be8 51. Kd2 a4 52. Ba2 Kf8 53.
Rh3 Bb5 54. Rf3 Be8 55. Rxd3 Rxd3+ 56. Kxd3 Kg7 57. Kc3 Kg6 58. Kb4 Bd7 59. Ka3
Be6 60. Bb1+ Kxg5 61. Kxa4 Bf5 62. Ba2 Bc2+ 63. Kb4 f5 64. Kc3 Be4 65. Kd2 f4
66. Ke2 1/2-1/2

[Event "Children of Asia"]
[Site "?"]
[Date "2016.07.12"]
[Round "7"]
[White "Spiridonov, Vladislav"]
[Black "Herath, Nipuna B B"]
[Result "0-1"]
[WhiteElo "1700"]
[BlackElo "1602"]
[PlyCount "60"]

1. e4 e6 2. d4 d5 3. Nd2 Nc6 4. Ngf3 Nf6 5. e5 Nd7 6. c3 f6 7. exf6 Qxf6 8. Bd3
Bd6 9. O-O O-O 10. Nb3 e5 11. dxe5 Ndxe5 12. Be2 Be6 13. Nbd4 Nxf3+ 14. Nxf3
Qg6 15. Re1 Qh5 16. h3 Qf7 17. Bd3 h6 18. Bc2 Bxh3 19. Bb3 Qg6 20. Bxd5+ Kh8
21. Nh4 Qf6 22. Nf3 Bg4 23. Be3 Ne5 24. Bd4 Nxf3+ 25. gxf3 Bxf3 26. Bxf6 Bxd1
27. Be7 Bxe7 28. Rxe7 Bf3 29. Be6 Rf4 30. Rxc7 Rh4 0-1

[Event "Children of Asia"]
[Site "?"]
[Date "2016.07.12"]
[Round "7"]
[White "Bold, Khosbayar"]
[Black "Dubinin, Alexsandr"]
[Result "1-0"]
[WhiteElo "1768"]
[BlackElo "2121"]
[PlyCount "79"]

1. e4 c5 2. Nf3 Nc6 3. Bc4 g6 4. c3 Bg7 5. O-O d6 6. d3 Nf6 7. Bb3 O-O 8. Bg5
Rb8 9. Nbd2 e5 10. Re1 Be6 11. Bc2 h6 12. Bh4 Qd7 13. Nf1 Nh7 14. Bg3 Rbe8 15.
Qd2 f5 16. exf5 gxf5 17. d4 cxd4 18. cxd4 exd4 19. Ba4 Nf6 20. Bxc6 bxc6 21.
Nxd4 Ne4 22. Qd3 Bd5 23. f3 Ng5 24. Rxe8 Qxe8 25. Nxf5 Rxf5 26. Qxf5 Qe2 27.
Bf2 Be6 28. Qg6 Qxb2 29. Rb1 Bf7 30. Qf5 Qxa2 31. Rb8+ Bf8 32. Bg3 Qa3 33. Qf6
Qc5+ 34. Bf2 Qe5 35. Qxe5 dxe5 36. Bc5 Ne6 37. Bxf8 Nxf8 38. Ra8 c5 39. Rxa7
Ne6 40. Ne3 1-0

[Event "Children of Asia"]
[Site "?"]
[Date "2016.07.12"]
[Round "7"]
[White "Ergeshov, Timur"]
[Black "Mestnikov, Aisen"]
[Result "1/2-1/2"]
[WhiteElo "2257"]
[BlackElo "2135"]
[PlyCount "80"]

1. d4 Nf6 2. c4 g6 3. Nc3 Bg7 4. e4 d6 5. Be2 O-O 6. Nf3 Bg4 7. Be3 Nfd7 8. Ng1
Bxe2 9. Ngxe2 c5 10. O-O cxd4 11. Nxd4 Nc6 12. Rc1 Nxd4 13. Bxd4 Bxd4 14. Qxd4
Qb6 15. Rfd1 Qxd4 16. Rxd4 Rfd8 17. Rcd1 Kf8 18. f4 Nc5 19. g3 Rac8 20. b3 a5
21. Rd5 a4 22. Rb1 axb3 23. axb3 Ra8 24. b4 Na4 25. Nxa4 Rxa4 26. e5 Rc8 27. c5
dxc5 28. bxc5 Rc7 29. Kg2 Rc4 30. Rb5 e6 31. Rd8+ Kg7 32. Rb8 R4xc5 33. R8xb7
Rxb7 34. Rxb7 Rc2+ 35. Kh3 h5 36. Rb3 Re2 37. Rf3 Kh7 38. Rf1 Kh6 39. Rf3 Kg7
40. Rf1 Kh7 1/2-1/2

[Event "Children of Asia"]
[Site "?"]
[Date "2016.07.12"]
[Round "7"]
[White "Kazimov, Farhan"]
[Black "Zakharov, Nikolay"]
[Result "1-0"]
[WhiteElo "1831"]
[BlackElo "2026"]
[PlyCount "111"]

1. e4 c5 2. c4 Nc6 3. Nc3 d6 4. d3 g6 5. g3 Bg7 6. Bg2 Nf6 7. Nge2 O-O 8. O-O
a6 9. h3 Rb8 10. f4 Bd7 11. a4 Ne8 12. f5 Nc7 13. Be3 b5 14. Rb1 bxc4 15. dxc4
Ne5 16. b3 Bc6 17. Qd2 Re8 18. g4 Rb7 19. g5 Bh8 20. Rfd1 Qb8 21. Qc2 Na8 22.
Nf4 Nb6 23. Ncd5 Nxd5 24. Nxd5 Bxd5 25. Rxd5 Nc6 26. Rdd1 Bd4 27. Re1 Be5 28.
Rf1 Na5 29. Qf2 Rf8 30. f6 exf6 31. gxf6 Rxb3 32. Rxb3 Qxb3 33. Kh1 Bxf6 34.
Bh6 Bg7 35. Bxg7 Kxg7 36. Qf6+ Kg8 37. Qxd6 Qxc4 38. e5 Nb3 39. Rf6 Nd4 40. Bd5
Qc1+ 41. Kg2 Qd2+ 42. Rf2 Qg5+ 43. Kh2 Nf5 44. Qxc5 Qg3+ 45. Kh1 Rb8 46. Bxf7+
Kg7 47. Bc4 Qxh3+ 48. Kg1 Ng3 49. Rf7+ Kh8 50. Rf8+ Kg7 51. Qa7+ Kh6 52. Qe3+
Kh5 53. Be2+ Nxe2+ 54. Qxe2+ Kh6 55. Rxb8 Qg3+ 56. Kh1 1-0

[Event "Children of Asia"]
[Site "?"]
[Date "2016.07.12"]
[Round "7"]
[White "Arfan, Aditya Bagus"]
[Black "Bezotechestvo , Konstantin"]
[Result "0-1"]
[WhiteElo "1398"]
[BlackElo "2117"]
[PlyCount "188"]

1. e4 e5 2. Nf3 Nc6 3. Bc4 Bc5 4. c3 Nf6 5. d3 O-O 6. Bg5 Be7 7. Bb3 d6 8. Nbd2
Bg4 9. h3 Be6 10. Bc2 d5 11. O-O h6 12. Bh4 Nd7 13. exd5 Bxd5 14. Bxe7 Qxe7 15.
Re1 Rad8 16. Qe2 Qf6 17. Ne4 Qe6 18. b3 f5 19. Ng3 Rde8 20. Nh4 f4 21. Ne4 g5
22. Nf3 g4 23. hxg4 Qxg4 24. Nh2 Qg7 25. Qg4 Re7 26. Qxg7+ Rxg7 27. f3 h5 28.
Kf2 Kf7 29. Rh1 Rfg8 30. Rag1 Nf6 31. Nf1 Bxe4 32. dxe4 Rd8 33. Ke2 b5 34. b4
a5 35. a3 axb4 36. axb4 Ra8 37. Nd2 Kf8 38. Nb3 Ke7 39. Nc5 Nd8 40. Bb3 Ra3 41.
Kf2 Nb7 42. Ra1 Rxa1 43. Rxa1 Nxc5 44. bxc5 Nd7 45. Ra7 Kd8 46. c6 Nc5 47. Bd5
Nd3+ 48. Kf1 Nb2 49. Bb3 Rg6 50. Ra2 Nd3 51. Rd2 Rd6 52. Bd5 Nc5 53. Ke2 Na4
54. c4 bxc4 55. Bxc4 Ke7 56. Bd5 Nc3+ 57. Ke1 Nxd5 58. exd5 Rg6 59. Kd1 Kd6 60.
Kc2 Kc5 61. Kd3 Kxd5 62. Kc3+ Kxc6 63. Kc4 Rd6 64. Re2 Rd4+ 65. Kc3 Kd5 66. Re1
Rc4+ 67. Kb3 Rc6 68. Rd1+ Ke6 69. Rh1 Rc5 70. Rxh5 Rc1 71. Rh7 c6 72. Rc7 Kd5
73. Rb7 Kd4 74. Rd7+ Ke3 75. Re7 Kf2 76. Rxe5 Kxg2 77. Kb2 Rc4 78. Kb3 Rd4 79.
Kc3 Rd6 80. Rc5 Kxf3 81. Rc4 Ke3 82. Rc5 f3 83. Re5+ Kf2 84. Rg5 Kf1 85. Rf5 f2
86. Kc4 Ke2 87. Re5+ Kf3 88. Rf5+ Ke3 89. Rf8 Rd4+ 90. Kc5 Rf4 91. Re8+ Kd3 92.
Rd8+ Ke2 93. Re8+ Kf3 94. Kxc6 f1=Q 0-1

[Event "detiasii2b"]
[Site "?"]
[Date "2016.07.12"]
[Round "8.1"]
[White "Garidmagnai, Byambasuren"]
[Black "Tran, Minh Thang"]
[Result "1-0"]
[BlackElo "2370"]
[WhiteElo "2185"]
[LiveChessVersion "1.4.8"]

1. d4 {[%clk 1:31:00]} Nf6 {[%clk 1:28:00]} 2. c4 {[%clk 1:31:23]} g6
{[%clk 1:28:26]} 3. Nc3 {[%clk 1:31:48]} d5 {[%clk 1:28:55]} 4. Bg5
{[%clk 1:32:10]} Bg7 {[%clk 1:29:21]} 5. Nf3 {[%clk 1:32:33]} Ne4
{[%clk 1:29:45]} 6. Bh4 {[%clk 1:32:24]} Nxc3 {[%clk 1:28:03]} 7. bxc3
{[%clk 1:32:46]} c5 {[%clk 1:28:32]} 8. e3 {[%clk 1:33:02]} Nc6 {[%clk 1:28:58]}
9. Be2 {[%clk 1:32:44]} O-O {[%clk 1:29:19]} 10. O-O {[%clk 1:33:09]} dxc4
{[%clk 1:29:45]} 11. Bxc4 {[%clk 1:33:29]} b6 {[%clk 1:29:58]} 12. Rc1
{[%clk 1:33:25]} cxd4 {[%clk 1:26:24]} 13. cxd4 {[%clk 1:33:46]} Na5
{[%clk 1:26:52]} 14. Be2 {[%clk 1:31:17]} Be6 {[%clk 1:26:32]} 15. Qd2
{[%clk 1:31:09]} Bd5 {[%clk 1:22:19]} 16. Rc2 {[%clk 1:28:37]} Re8
{[%clk 1:21:10]} 17. Rfc1 {[%clk 1:27:14]} Qd6 {[%clk 1:19:43]} 18. Bb5
{[%clk 1:25:52]} Red8 {[%clk 1:17:58]} 19. Qe2 {[%clk 1:23:49]} Bb7
{[%clk 1:12:23]} 20. Ba6 {[%clk 1:21:35]} Be4 {[%clk 1:05:55]} 21. Bg3
{[%clk 1:20:06]} Qd5 {[%clk 1:04:09]} 22. Rc7 {[%clk 1:19:26]} Rd7
{[%clk 0:46:28]} 23. Rxd7 {[%clk 1:15:11]} Qxd7 {[%clk 0:46:50]} 24. Rc7
{[%clk 1:14:17]} Qd8 {[%clk 0:46:46]} 25. Qb5 {[%clk 1:11:55]} Bf6
{[%clk 0:42:21]} 26. Nd2 {[%clk 1:08:47]} Bf5 {[%clk 0:42:05]} 27. Be5
{[%clk 1:05:38]} Bd3 {[%clk 0:41:22]} 28. Qxd3 {[%clk 1:06:03]} Bxe5
{[%clk 0:41:42]} 29. Rc2 {[%clk 1:06:26]} Bg7 {[%clk 0:41:25]} 30. d5
{[%clk 1:02:56]} Qd6 {[%clk 0:40:53]} 31. Nc4 {[%clk 0:58:14]} Nxc4
{[%clk 0:41:01]} 32. Qxc4 {[%clk 0:57:50]} Rd8 {[%clk 0:40:40]} 33. e4
{[%clk 0:57:11]} Be5 {[%clk 0:37:45]} 34. g3 {[%clk 0:56:29]} Qf6
{[%clk 0:37:51]} 35. Kg2 {[%clk 0:56:14]} g5 {[%clk 0:33:37]} 36. Bc8
{[%clk 0:54:25]} Bd6 {[%clk 0:31:23]} 37. Bf5 {[%clk 0:52:44]} a5
{[%clk 0:18:25]} 38. a4 {[%clk 0:40:38]} Bc5 {[%clk 0:18:30]} 39. Rc3
{[%clk 0:35:12]} Kg7 {[%clk 0:15:06]} 40. Rf3 {[%clk 0:32:03]} Qd4
{[%clk 0:14:47]} 41. Qc1 {[%clk 0:26:30]} h6 {[%clk 0:14:52]} 42. h4
{[%clk 0:22:01]} f6 {[%clk 0:11:11]} 43. Qc2 {[%clk 0:21:23]} Qe5
{[%clk 0:06:37]} 44. Be6 {[%clk 0:19:42]} Bd6 {[%clk 0:06:07]} 45. Rf5
{[%clk 0:18:47]} Qd4 {[%clk 0:06:08]} 46. Qe2 {[%clk 0:18:27]} Kg6
{[%clk 0:06:21]} 47. Qg4 {[%clk 0:16:37]} Rf8 {[%clk 0:04:49]} 48. Rf3
{[%clk 0:14:45]} Kg7 {[%clk 0:05:03]} 49. Qh5 {[%clk 0:13:07]} gxh4 50. Qg4+
{[%clk 0:13:04]} Kh8 {[%clk 0:00:32]} 51. Qg6 {[%clk 0:13:21]} Qd2
{[%clk 0:00:43]} 52. Bf5 {[%clk 0:13:44]} 1-0

[Event "detiasii2b"]
[Site "?"]
[Date "2016.07.12"]
[Round "8.2"]
[White "Tarigan, Gilbert Elroy"]
[Black "Sin, Denis"]
[Result "1/2-1/2"]
[BlackElo "2214"]
[WhiteElo "1914"]
[LiveChessVersion "1.4.8"]

1. d4 {[%clk 1:30:57]} Nf6 {[%clk 1:30:57]} 2. Nf3 {[%clk 1:30:52]} e6
{[%clk 1:31:22]} 3. g3 {[%clk 1:29:29]} c5 {[%clk 1:31:45]} 4. c3
{[%clk 1:26:33]} d5 {[%clk 1:30:46]} 5. Bg2 {[%clk 1:26:37]} Be7 {[%clk 1:30:53]}
6. O-O {[%clk 1:26:54]} O-O {[%clk 1:31:18]} 7. Bg5 {[%clk 1:26:48]} h6
{[%clk 1:29:34]} 8. Bxf6 {[%clk 1:26:37]} Bxf6 {[%clk 1:29:56]} 9. Nbd2
{[%clk 1:25:05]} cxd4 {[%clk 1:28:00]} 10. cxd4 {[%clk 1:24:50]} Nc6
{[%clk 1:28:23]} 11. Nb3 {[%clk 1:24:35]} b6 {[%clk 1:24:44]} 12. Qd2
{[%clk 1:22:48]} Bb7 {[%clk 1:23:05]} 13. e3 {[%clk 1:20:14]} Qd7
{[%clk 1:20:03]} 14. Nc1 {[%clk 1:19:41]} Rfc8 {[%clk 1:12:02]} 15. Nd3
{[%clk 1:19:37]} Ba6 {[%clk 1:10:02]} 16. Rfc1 {[%clk 1:19:30]} Bxd3
{[%clk 1:07:23]} 17. Qxd3 {[%clk 1:19:48]} Na5 {[%clk 1:07:50]} 18. Nd2
{[%clk 1:16:31]} Rxc1+ {[%clk 1:05:01]} 19. Rxc1 {[%clk 1:16:55]} Rc8
{[%clk 1:05:29]} 20. Rc3 {[%clk 1:13:16]} Rxc3 {[%clk 1:02:38]} 21. Qxc3
{[%clk 1:13:37]} Qc6 {[%clk 1:02:53]} 22. Qxc6 {[%clk 1:13:05]} Nxc6
{[%clk 1:03:17]} 23. a3 {[%clk 1:13:25]} Kf8 {[%clk 1:02:59]} 24. Kf1
{[%clk 1:13:46]} Ke7 {[%clk 1:03:08]} 25. Ke2 {[%clk 1:14:11]} Kd7
{[%clk 1:03:23]} 26. Kd3 {[%clk 1:14:27]} Be7 {[%clk 1:03:28]} 27. Bf1
{[%clk 1:14:13]} f6 {[%clk 1:02:55]} 28. Bh3 {[%clk 1:12:36]} Kd6
{[%clk 1:01:50]} 29. e4 {[%clk 1:12:26]} e5 {[%clk 1:00:22]} 30. dxe5+
{[%clk 1:11:36]} Nxe5+ {[%clk 1:00:47]} 31. Kd4 {[%clk 1:10:10]} Nc6+
{[%clk 1:00:45]} 32. Kd3 {[%clk 1:10:32]} Ne5+ {[%clk 1:00:36]} 33. Kd4
{[%clk 1:10:57]} Nc6+ {[%clk 1:01:02]} 1/2-1/2

[Event "detiasii2b"]
[Site "?"]
[Date "2016.07.12"]
[Round "8.3"]
[White "Sylyev, Nedir"]
[Black "Nguyen, Dang Hong Phuc"]
[Result "1/2-1/2"]
[BlackElo "2147"]
[WhiteElo "1855"]
[LiveChessVersion "1.4.8"]

1. e4 {[%clk 1:30:59]} c5 {[%clk 1:30:52]} 2. Nf3 {[%clk 1:31:24]} d6
{[%clk 1:31:14]} 3. d4 {[%clk 1:31:49]} cxd4 {[%clk 1:31:40]} 4. Nxd4
{[%clk 1:32:15]} Nf6 {[%clk 1:32:04]} 5. Nc3 {[%clk 1:32:39]} a6 {[%clk 1:32:30]}
6. Be2 {[%clk 1:32:59]} e6 {[%clk 1:32:54]} 7. Be3 {[%clk 1:33:19]} Be7
{[%clk 1:33:13]} 8. a4 {[%clk 1:33:22]} Nc6 {[%clk 1:33:30]} 9. O-O
{[%clk 1:33:39]} Qc7 {[%clk 1:33:55]} 10. Qd2 {[%clk 1:33:42]} O-O
{[%clk 1:32:45]} 11. f3 {[%clk 1:32:57]} Rb8 {[%clk 1:32:15]} 12. Rfd1
{[%clk 1:30:48]} b6 {[%clk 1:29:40]} 13. Bf1 {[%clk 1:26:28]} Bb7
{[%clk 1:29:48]} 14. Qf2 {[%clk 1:25:02]} Ne5 {[%clk 1:21:50]} 15. Nb3
{[%clk 1:04:03]} Nfd7 {[%clk 1:20:44]} 16. Rd4 {[%clk 0:59:23]} Nc5
{[%clk 1:11:48]} 17. Rad1 {[%clk 0:53:42]} Rfd8 {[%clk 1:11:30]} 18. h3
{[%clk 0:51:24]} Bc6 {[%clk 1:07:53]} 19. R4d2 {[%clk 0:42:50]} Ned7
{[%clk 1:03:40]} 20. Nd4 {[%clk 0:38:02]} Nf6 {[%clk 0:54:01]} 21. b3
{[%clk 0:28:34]} Bb7 {[%clk 0:53:12]} 22. Bc4 {[%clk 0:18:09]} d5
{[%clk 0:40:42]} 23. exd5 {[%clk 0:17:07]} Nxd5 {[%clk 0:41:00]} 24. Bxd5
{[%clk 0:15:54]} Bxd5 {[%clk 0:41:11]} 25. Nxd5 {[%clk 0:15:26]} Rxd5
{[%clk 0:41:40]} 26. Ne2 {[%clk 0:14:06]} Rxd2 {[%clk 0:41:54]} 27. Rxd2
{[%clk 0:14:34]} Rd8 {[%clk 0:42:04]} 28. Rxd8+ {[%clk 0:14:26]} Qxd8
{[%clk 0:42:33]} 29. Nd4 {[%clk 0:14:21]} Qd7 {[%clk 0:39:09]} 30. Qd2
{[%clk 0:13:50]} f6 {[%clk 0:37:37]} 31. Ne2 {[%clk 0:13:01]} Qc6
{[%clk 0:37:47]} 32. Nd4 {[%clk 0:11:55]} Qd7 {[%clk 0:32:54]} 33. Ne2
{[%clk 0:12:06]} Qc7 {[%clk 0:31:40]} 34. Nf4 {[%clk 0:10:45]} Kf7
{[%clk 0:31:48]} 35. Nd3 {[%clk 0:10:57]} 1/2-1/2

[Event "detiasii2b"]
[Site "?"]
[Date "2016.07.12"]
[Round "8.4"]
[White "Sezdbekov, Ruslan"]
[Black "Koniahli, Malek"]
[Result "1-0"]
[BlackElo "1958"]
[WhiteElo "2043"]
[LiveChessVersion "1.4.8"]

1. e4 {[%clk 1:30:59]} c5 {[%clk 1:30:54]} 2. Nf3 {[%clk 1:31:10]} d6
{[%clk 1:31:23]} 3. d4 {[%clk 1:31:23]} cxd4 {[%clk 1:31:49]} 4. Nxd4
{[%clk 1:31:49]} Nf6 {[%clk 1:32:13]} 5. Nc3 {[%clk 1:32:12]} a6 {[%clk 1:32:39]}
6. Be2 {[%clk 1:32:25]} e6 {[%clk 1:32:23]} 7. a4 {[%clk 1:31:41]} Qc7
{[%clk 1:29:37]} 8. O-O {[%clk 1:31:32]} Be7 {[%clk 1:29:56]} 9. Be3
{[%clk 1:30:52]} O-O {[%clk 1:29:58]} 10. Qd2 {[%clk 1:29:46]} b6
{[%clk 1:27:57]} 11. f4 {[%clk 1:26:48]} Bb7 {[%clk 1:27:46]} 12. Bf3
{[%clk 1:26:49]} Rd8 {[%clk 1:27:27]} 13. Qf2 {[%clk 1:23:30]} Nbd7
{[%clk 1:23:44]} 14. Rae1 {[%clk 1:22:02]} Nc5 {[%clk 1:21:05]} 15. Bd2
{[%clk 1:20:02]} d5 {[%clk 1:16:08]} 16. e5 {[%clk 1:15:48]} Nfe4
{[%clk 1:16:18]} 17. Bxe4 {[%clk 1:15:56]} Nxe4 {[%clk 1:16:04]} 18. Nxe4
{[%clk 1:16:02]} dxe4 {[%clk 1:16:32]} 19. Be3 {[%clk 1:16:00]} Bd5
{[%clk 1:04:31]} 20. Qg3 {[%clk 1:15:07]} f5 {[%clk 1:02:03]} 21. Qh3
{[%clk 1:09:20]} Bc5 {[%clk 0:52:40]} 22. c3 {[%clk 1:07:47]} Bxd4
{[%clk 0:50:18]} 23. Bxd4 {[%clk 1:07:41]} b5 {[%clk 0:48:35]} 24. Qe3
{[%clk 1:04:47]} Qc6 {[%clk 0:43:39]} 25. a5 {[%clk 1:03:49]} Bb3
{[%clk 0:43:51]} 26. Rf2 {[%clk 1:02:48]} Rd7 {[%clk 0:41:13]} 27. g4
{[%clk 1:02:31]} Rf8 {[%clk 0:32:19]} 28. gxf5 {[%clk 1:00:46]} Rxf5
{[%clk 0:32:27]} 29. h3 {[%clk 0:54:54]} Rdf7 {[%clk 0:31:49]} 30. Kh2
{[%clk 0:54:38]} h6 {[%clk 0:30:27]} 31. Rg1 {[%clk 0:54:44]} Kh8
{[%clk 0:26:34]} 32. Rg6 {[%clk 0:53:49]} Bd1 {[%clk 0:26:41]} 33. Qg3
{[%clk 0:51:22]} Bh5 {[%clk 0:26:22]} 34. Rg4 {[%clk 0:51:41]} g5
{[%clk 0:25:37]} 35. Be3 {[%clk 0:49:56]} Qc8 {[%clk 0:23:28]} 36. Qg2
{[%clk 0:44:10]} Qf8 {[%clk 0:22:46]} 37. Qxe4 {[%clk 0:43:01]} Bxg4
{[%clk 0:21:16]} 38. hxg4 {[%clk 0:43:25]} Rxf4 {[%clk 0:08:50]} 39. Bxf4
{[%clk 0:43:48]} gxf4 {[%clk 0:08:39]} 40. Rf3 {[%clk 0:42:05]} Kg7
{[%clk 0:07:15]} 41. Qd4 {[%clk 0:41:06]} h5 {[%clk 0:03:40]} 42. gxh5
{[%clk 0:40:41]} Rf5 {[%clk 0:03:41]} 43. Kg1 {[%clk 0:35:26]} Rg5+
{[%clk 0:00:36]} 44. Kf2 {[%clk 0:35:18]} Rg4 {[%clk 0:00:43]} 45. Qd7+
{[%clk 0:35:00]} Kh8 {[%clk 0:01:02]} 46. Qxe6 {[%clk 0:34:12]} Qc5+
{[%clk 0:01:17]} 47. Ke2 {[%clk 0:34:36]} Rg2+ {[%clk 0:01:39]} 48. Kd3
{[%clk 0:35:00]} Rf2 {[%clk 0:00:51]} 49. Qf6+ {[%clk 0:32:26]} Kh7
{[%clk 0:01:04]} 50. Rxf2 {[%clk 0:31:59]} Qe3+ {[%clk 0:01:25]} 51. Kc2
{[%clk 0:32:21]} Qxf2+ {[%clk 0:01:55]} 52. Kb3 {[%clk 0:32:36]} Qf1
{[%clk 0:01:59]} 53. Qf7+ {[%clk 0:32:46]} Kh8 {[%clk 0:02:28]} 54. h6
{[%clk 0:32:02]} Qd1+ {[%clk 0:01:27]} 55. Kb4 {[%clk 0:32:27]} Qg4
{[%clk 0:01:22]} 56. e6 {[%clk 0:31:02]} f3+ {[%clk 0:01:02]} 57. Kc5
{[%clk 0:31:27]} f2 {[%clk 0:01:06]} 58. Qxf2 {[%clk 0:31:35]} Qc4+
{[%clk 0:01:16]} 59. Kd6 {[%clk 0:31:51]} 1-0

[Event "detiasii2b"]
[Site "?"]
[Date "2016.07.12"]
[Round "8.5"]
[White "Miciano, John Marvin"]
[Black "Kalabukhov, Bogdan"]
[Result "1-0"]
[BlackElo "2133"]
[WhiteElo "2251"]
[LiveChessVersion "1.4.8"]

1. e4 {[%clk 1:30:51]} c5 {[%clk 1:26:18]} 2. Nf3 {[%clk 1:30:42]} d6
{[%clk 1:26:45]} 3. d4 {[%clk 1:30:43]} cxd4 {[%clk 1:27:12]} 4. Nxd4
{[%clk 1:30:31]} Nf6 {[%clk 1:27:39]} 5. Nc3 {[%clk 1:30:28]} a6 {[%clk 1:28:07]}
6. g3 {[%clk 1:30:34]} e5 {[%clk 1:25:39]} 7. Nde2 {[%clk 1:30:40]} b5
{[%clk 1:26:06]} 8. Bg2 {[%clk 1:30:36]} Bb7 {[%clk 1:26:33]} 9. O-O
{[%clk 1:28:25]} Be7 {[%clk 1:26:13]} 10. h3 {[%clk 1:28:11]} Nbd7
{[%clk 1:20:02]} 11. g4 {[%clk 1:26:04]} b4 {[%clk 1:17:18]} 12. Nd5
{[%clk 1:26:14]} Nxd5 {[%clk 1:17:35]} 13. exd5 {[%clk 1:26:39]} Bg5
{[%clk 1:15:51]} 14. Ng3 {[%clk 1:18:41]} Bxc1 {[%clk 1:14:00]} 15. Rxc1
{[%clk 1:18:48]} O-O {[%clk 1:13:29]} 16. c4 {[%clk 1:13:15]} Nc5
{[%clk 1:10:38]} 17. Qd2 {[%clk 1:11:51]} a5 {[%clk 1:10:41]} 18. Kh2
{[%clk 1:06:26]} Bc8 {[%clk 1:07:51]} 19. f4 {[%clk 1:04:32]} exf4
{[%clk 1:07:31]} 20. Rxf4 {[%clk 1:04:41]} Ra7 {[%clk 0:58:54]} 21. Rcf1
{[%clk 1:03:44]} Re7 {[%clk 0:57:12]} 22. Ne2 {[%clk 1:02:16]} Qe8
{[%clk 0:49:01]} 23. Nd4 {[%clk 1:01:43]} Bd7 {[%clk 0:49:13]} 24. Kh1
{[%clk 0:53:37]} Ne4 {[%clk 0:42:38]} 25. Qd3 {[%clk 0:51:06]} Nc5
{[%clk 0:42:26]} 26. Qc2 {[%clk 0:45:42]} Re1 {[%clk 0:38:20]} 27. Qd2
{[%clk 0:43:30]} Re3 {[%clk 0:35:44]} 28. R4f3 {[%clk 0:41:58]} Rxf3
{[%clk 0:30:40]} 29. Bxf3 {[%clk 0:34:02]} f5 {[%clk 0:29:20]} 30. Re1
{[%clk 0:32:03]} Qf7 {[%clk 0:28:34]} 31. g5 {[%clk 0:30:10]} Re8
{[%clk 0:27:56]} 32. Kg2 {[%clk 0:29:30]} Rxe1 {[%clk 0:23:30]} 33. Qxe1
{[%clk 0:29:54]} Nd3 {[%clk 0:23:50]} 34. Qd2 {[%clk 0:30:06]} Ne5
{[%clk 0:24:06]} 35. b3 {[%clk 0:28:30]} Qe8 {[%clk 0:23:05]} 36. Qe2
{[%clk 0:24:52]} Qd8 {[%clk 0:21:10]} 37. h4 {[%clk 0:21:18]} h6 {[%clk 0:17:18]}
38. Nc6 {[%clk 0:19:20]} Bxc6 {[%clk 0:17:09]} 39. dxc6 {[%clk 0:19:43]} hxg5
{[%clk 0:17:21]} 40. Bd5+ {[%clk 0:19:57]} Kf8 {[%clk 0:15:57]} 41. Qh5
{[%clk 0:19:50]} gxh4 {[%clk 0:13:30]} 42. Qh8+ {[%clk 0:19:57]} Ke7
{[%clk 0:13:59]} 43. Qxh4+ {[%clk 0:19:46]} Ke8 {[%clk 0:14:24]} 44. Qh8+
{[%clk 0:20:11]} Ke7 {[%clk 0:14:50]} 45. Qxg7+ {[%clk 0:20:36]} Ke8
{[%clk 0:15:16]} 46. c7 {[%clk 0:20:44]} Qc8 {[%clk 0:15:37]} 47. Qg8+
{[%clk 0:20:53]} Kd7 {[%clk 0:16:03]} 48. Be6+ {[%clk 0:21:18]} 1-0

[Event "detiasii2b"]
[Site "?"]
[Date "2016.07.12"]
[Round "8.6"]
[White "Mestnikov, Aital"]
[Black "Kazimov, Farhan"]
[Result "0-1"]
[BlackElo "1831"]
[WhiteElo "2125"]
[LiveChessVersion "1.4.8"]

1. e4 {[%clk 1:30:54]} e5 {[%clk 1:30:43]} 2. Nf3 {[%clk 1:31:19]} Nf6
{[%clk 1:30:31]} 3. Nxe5 {[%clk 1:31:12]} d6 {[%clk 1:30:58]} 4. Nf3
{[%clk 1:31:38]} Nxe4 {[%clk 1:31:27]} 5. Nc3 {[%clk 1:32:00]} Nxc3
{[%clk 1:31:44]} 6. dxc3 {[%clk 1:30:29]} Nc6 {[%clk 1:32:11]} 7. Bd3
{[%clk 1:30:37]} Be7 {[%clk 1:32:22]} 8. Bf4 {[%clk 1:29:19]} Be6
{[%clk 1:32:35]} 9. Qe2 {[%clk 1:29:37]} Qd7 {[%clk 1:32:38]} 10. O-O-O
{[%clk 1:30:04]} O-O-O {[%clk 1:32:29]} 11. Bb5 {[%clk 1:28:34]} a6
{[%clk 1:29:31]} 12. Ne5 {[%clk 1:27:04]} dxe5 {[%clk 1:23:01]} 13. Rxd7
{[%clk 1:27:01]} Bxd7 {[%clk 1:23:27]} 14. Bxc6 {[%clk 1:26:41]} Bxc6
{[%clk 1:23:54]} 15. Bxe5 {[%clk 1:25:40]} Bg5+ {[%clk 1:23:14]} 16. Kb1
{[%clk 1:21:17]} f6 {[%clk 1:23:03]} 17. Bd4 {[%clk 1:21:15]} Rde8
{[%clk 1:23:12]} 18. Qc4 {[%clk 1:12:31]} Bxg2 {[%clk 1:19:52]} 19. Rg1
{[%clk 1:12:54]} Bc6 {[%clk 1:19:20]} 20. b4 {[%clk 1:13:05]} Re7
{[%clk 1:18:59]} 21. Qc5 {[%clk 1:12:30]} Re2 {[%clk 1:15:07]} 22. Qa7
{[%clk 1:09:58]} Rhe8 {[%clk 1:14:56]} 23. Be3 {[%clk 0:49:50]} R2xe3
{[%clk 1:11:21]} 24. Rd1 {[%clk 0:47:15]} b6 {[%clk 1:04:22]} 25. fxe3
{[%clk 0:46:15]} Bb7 {[%clk 1:04:47]} 26. c4 {[%clk 0:44:25]} Bxe3
{[%clk 1:03:56]} 27. Re1 {[%clk 0:44:39]} Re4 {[%clk 1:04:19]} 28. b5
{[%clk 0:33:12]} a5 {[%clk 1:03:30]} 29. Rxe3 {[%clk 0:33:20]} Rxe3
{[%clk 1:03:40]} 30. c5 {[%clk 0:33:49]} Re5 {[%clk 1:02:50]} 31. cxb6
{[%clk 0:34:09]} Rxb5+ {[%clk 1:03:03]} 32. Ka1 {[%clk 0:34:33]} c6
{[%clk 1:03:12]} 33. c4 {[%clk 0:33:31]} Rh5 {[%clk 1:03:13]} 34. h4
{[%clk 0:33:43]} Rf5 {[%clk 1:03:09]} 35. Kb2 {[%clk 0:31:31]} g5
{[%clk 1:03:35]} 36. Kc3 {[%clk 0:30:28]} gxh4 {[%clk 1:03:43]} 0-1

[Event "Children of Asia"]
[Site "?"]
[Date "2016.07.12"]
[Round "8"]
[White "Mohammad Fahad, Rahman"]
[Black "Sezdbekov, Arzybek"]
[Result "1-0"]
[WhiteElo "2156"]
[BlackElo "1890"]
[PlyCount "53"]

1. c4 Nf6 2. Nc3 Nc6 3. d4 d5 4. cxd5 Nxd5 5. e4 Nxc3 6. bxc3 e6 7. Nf3 Bd6 8.
Bc4 O-O 9. O-O e5 10. h3 Qf6 11. Re1 h6 12. Rb1 Na5 13. dxe5 Bxe5 14. Nxe5 Qxe5
15. Rb5 Qxc3 16. Bd5 a6 17. Bb2 axb5 18. Bxc3 Nc6 19. Qa1 Kh7 20. Bxg7 Rg8 21.
Bf6 Bxh3 22. e5 Bf5 23. Bxf7 Nb4 24. Bxg8+ Rxg8 25. Qc3 Nc6 26. Qf3 Bg6 27. Rd1
1-0